Marketingová komunikácia Kvetinárstva Bindová diplomová práca

Uložené v:
Podrobná bibliografia
Hlavný autor: Tomášová, Katarína
Korporativný autor: Podnikovohospodárska fakulta EU so sídlom v Košiciach. Katedra obchodného podnikania
Ďalší autori: Weiss, Erik, 1979-
Médium: Kniha
Jazyk:Slovak
Vydavateľské údaje: Košice 2024
Tagy: Pridať tag
Žiadne tagy, Buďte prvý, kto otaguje tento záznam!

MARC

LEADER 00000nbm a2200000 4500
001 0301393
005 20250120142212.4
041 0 |a slo 
044 |a SK 
245 1 0 |a Marketingová komunikácia Kvetinárstva Bindová  |b diplomová práca  |c Katarína Tomášová ; školiteľ: Erik Weiss 
264 1 |a Košice  |c 2024 
300 |a 75 s. 
100 1 |a Tomášová, Katarína 
700 1 |a Weiss, Erik, 1979- 
710 2 |a Podnikovohospodárska fakulta EU so sídlom v Košiciach. Katedra obchodného podnikania